00354nam a2200157Ia 4500008004100000020001500041041001200056082001600068100001800084245002300102250000800125260002500133300000800158650001500166700001500181221030s9999 xx 000 0 und d a0070582343 aEnglish a105.23bHaw aD. I. Hawkins 0aConsumer Behaviour a9th bTMHaNew Delhic2004 a790 aManagement aR. J. Best